महादेवी : (Record no. 113007)

MARC details
000 -LEADER
fixed length control field 01303nam a22002897a 4500
003 - CONTROL NUMBER IDENTIFIER
control field dpl
005 - DATE AND TIME OF LATEST TRANSACTION
control field 20190115124727.0
008 - FIXED-LENGTH DATA ELEMENTS--GENERAL INFORMATION
fixed length control field 190115b ||||| |||| 00| 0 eng d
010 ## - LIBRARY OF CONGRESS CONTROL NUMBER
LC control number B-037322
020 ## - INTERNATIONAL STANDARD BOOK NUMBER
Terms of availability 140.00
International Standard Book Number 8126305231
035 ## - SYSTEM CONTROL NUMBER
System control number B-037322, B-037326
037 ## - SOURCE OF ACQUISITION
Source of stock number/acquisition Cen Lib/Ret
040 ## - CATALOGING SOURCE
Original cataloging agency DPL
Language of cataloging HN
Transcribing agency 0
082 ## - DEWEY DECIMAL CLASSIFICATION NUMBER
Classification number 821
Item number वर्माम
245 ## - TITLE STATEMENT
Title महादेवी :
Statement of responsibility, etc संकलन-संपादक रामजी पाण्डेय
Remainder of title प्रतिनिधि कवितायेँ /
246 ## - VARYING FORM OF TITLE
Title proper/short title Mahadevi : pratinidhi kavitayen /
Remainder of title edited by Ramji Pandey
250 ## - EDITION STATEMENT
Edition statement छठा संस्करण
260 ## - PUBLICATION, DISTRIBUTION, ETC. (IMPRINT)
Place of publication, distribution, etc नयी दिल्ली
Name of publisher, distributor, etc भारतीय ज्ञानपीठ
Date of publication, distribution, etc 2000
270 ## - ADDRESS
Address 18, इंस्टीट्यूशनल एरिया, लोधी रोड
City नयी दिल्ली
Postal code 110032
300 ## - PHYSICAL DESCRIPTION
Extent 212पृ.
Dimensions 21सेमी (सजिल्द)
650 ## - SUBJECT ADDED ENTRY--TOPICAL TERM
Topical term or geographic name as entry element हिंदी साहित्य
9 (RLIN) 50215
650 ## - SUBJECT ADDED ENTRY--TOPICAL TERM
Topical term or geographic name as entry element हिंदी साहित्य --काव्य
9 (RLIN) 50216
650 ## - SUBJECT ADDED ENTRY--TOPICAL TERM
Topical term or geographic name as entry element Hindi literature
9 (RLIN) 50217
650 ## - SUBJECT ADDED ENTRY--TOPICAL TERM
Topical term or geographic name as entry element Hindi literature--Poetry
9 (RLIN) 50218
700 ## - ADDED ENTRY--PERSONAL NAME
Personal name पाण्डेय, रामजी
9 (RLIN) 50164
942 ## - ADDED ENTRY ELEMENTS (KOHA)
Source of classification or shelving scheme Dewey Decimal Classification
Koha item type Hindi Books
Classification part 821
Call number suffix वर्माम
Holdings
Withdrawn status Lost status Damaged status Not for loan Home library Current library Date acquired Source of acquisition Cost, normal purchase price Total Checkouts Full call number Barcode Date last seen Date checked out Copy number Cost, replacement price Price effective from Koha item type Source of classification or shelving scheme Collection code
        Central Library Central Library 11/08/2015 Cen Lib/Ret 140.00 1 821 वर्माम B-037322 07/06/2019 25/05/2019 1 140.00 11/08/2015 Hindi Books    
        Sarojini Nagar Sarojini Nagar 20/06/2019     2 821 वर्माम B-037324 12/04/2021 17/03/2021     20/06/2019 Hindi Books Dewey Decimal Classification Non-fiction
        Shahdara Branch Shahdara Branch 15/01/2019 BPPD/PUB 140.00   821 वर्माम B-037326 15/01/2019     140.00 15/01/2019 Hindi Books Dewey Decimal Classification Non-fiction

© Delhi Public Library
Hit Counter
free hit counter